| 000 | 00661nam a2200169 i 4500 | ||
|---|---|---|---|
| 001 | 25478 | ||
| 003 | ES-MaACL | ||
| 005 | 20230906153256.0 | ||
| 007 | t| | ||
| 008 | 021226s1912 sp ||||1| spa d | ||
| 100 | 1 |
_aArias de Miranda, Diego. _922771 |
|
| 245 | 1 | 0 |
_aDiscurso leído por Diego Arias de Miranda Ministro de Gracia y Justicia en la solemne apertura de los tribunales celebrada el 16 de septiembre de 1912 / _cDiego Arias de Miranda. |
| 260 |
_aMadrid : _b[s.n.], _c1912 ( _fEst. Tip. y Editorial, Pontejos, 3) |
||
| 300 |
_a56 p., [2] h. pleg. ; _c23 cm. |
||
| 650 | 4 |
_aAdministración de justicia- _zEspaña. _99621 |
|
| 852 |
_aES-MaACL _jT-1332-F-5 |
||
| 999 |
_c25478 _d25478 |
||